Russko-Turetskiy razgovornik / (Record no. 200435220)
[ view plain ]
| 000 -LEADER | |
|---|---|
| fixed length control field | 00778cam a2200265 i 4500 |
| 001 - CONTROL NUMBER | |
| control field | 200435220 |
| 003 - CONTROL NUMBER IDENTIFIER | |
| control field | TR-AnTOB |
| 005 - DATE AND TIME OF LATEST TRANSACTION | |
| control field | 20190808142712.0 |
| 008 - FIXED-LENGTH DATA ELEMENTS--GENERAL INFORMATION | |
| fixed length control field | 190225s2001 xxu d | 000 0 tur d |
| 020 ## - INTERNATIONAL STANDARD BOOK NUMBER | |
| International Standard Book Number | 5847500750 |
| 040 ## - CATALOGING SOURCE | |
| Original cataloging agency | TR-AnTOB |
| Language of cataloging | eng |
| Description conventions | rda |
| Transcribing agency | TR-AnTOB |
| 041 0# - LANGUAGE CODE | |
| Language code of text/sound track or separate title | Türkçe |
| -- | Rusça |
| 050 1# - LIBRARY OF CONGRESS CALL NUMBER | |
| Classification number | PL193.R9 |
| 090 ## - LOCALLY ASSIGNED LC-TYPE CALL NUMBER (OCLC); LOCAL CALL NUMBER (RLIN) | |
| Classification number (OCLC) (R) ; Classification number, CALL (RLIN) (NR) | PL193.R9 |
| Local cutter number (OCLC) ; Book number/undivided call number, CALL (RLIN) | Y8 2001 |
| 100 1# - MAIN ENTRY--PERSONAL NAME | |
| Personal name | Yustindag, Olyana |
| Relator term | author |
| 9 (RLIN) | 124019 |
| 245 10 - TITLE STATEMENT | |
| Title | Russko-Turetskiy razgovornik / |
| Statement of responsibility, etc. | Olyana Yustindag. |
| 264 #1 - PRODUCTION, PUBLICATION, DISTRIBUTION, MANUFACTURE, AND COPYRIGHT NOTICE | |
| Place of production, publication, distribution, manufacture | Moskva : |
| Name of producer, publisher, distributor, manufacturer | Martin, |
| Date of production, publication, distribution, manufacture, or copyright notice | 2001. |
| 300 ## - PHYSICAL DESCRIPTION | |
| Extent | 223 pages ; |
| Dimensions | 16 cm |
| 336 ## - CONTENT TYPE | |
| Source | rdacontent |
| Content type term | text |
| Content type code | txt |
| 337 ## - MEDIA TYPE | |
| Source | rdamedia |
| Media type term | unmediated |
| Media type code | n |
| 338 ## - CARRIER TYPE | |
| Source | rdacarrier |
| Carrier type term | volume |
| Carrier type code | nc |
| 650 #7 - SUBJECT ADDED ENTRY--TOPICAL TERM | |
| Topical term or geographic name entry element | Rus dili |
| Form subdivision | Konuşma ve deyim kitapları |
| Source of heading or term | etuturkob |
| 9 (RLIN) | 124031 |
| 942 ## - ADDED ENTRY ELEMENTS (KOHA) | |
| Source of classification or shelving scheme | Library of Congress Classification |
| Koha item type | Book |
| Withdrawn status | Lost status | Source of classification or shelving scheme | Not for loan | Collection code | Home library | Current library | Shelving location | Date acquired | Source of acquisition | Total Checkouts | Full call number | Barcode | Date last seen | Date shelved | Koha item type |
|---|---|---|---|---|---|---|---|---|---|---|---|---|---|---|---|
| Other/Generic Classification Scheme | Ödünç Verilemez-Referans Kaynağı / Not For Loan-Reference | Referans-Konuya özel-Genel Koleksiyonla birlikte | Merkez Kütüphane | Merkez Kütüphane | Genel Koleksiyon - Referans / General Collection - Reference | 01/11/2016 | Bağış / Donation | REF PL193.R9 Y8 2001 | 0059194 | 25/02/2019 | 26/02/2019 | Book |
